La Relación de puestos de trabajo de las corporaciones locales / Antonio Pérez Luque
ISBN:
84-9725-431-7
Descripción Física:
752 ; 24 cm
MARC
| LEADER | 00000nam a2200000Ia 4500 | ||
|---|---|---|---|
| 001 | 22434 | ||
| 008 | 160829s2003 xx 000 0 cat d | ||
| 020 | |a 84-9725-431-7 | ||
| 080 | |a D-4-65 | ||
| 100 | |a Pérez Luque, Antonio |9 18053 | ||
| 245 | |a La Relación de puestos de trabajo de las corporaciones locales / Antonio Pérez Luque | ||
| 260 | |a Madrid : |b El Consultor de los Ayuntameintos y de los Juzgados, |c 2003 | ||
| 300 | |a 752 ; |c 24 cm | ||
| 590 | |a Bibliografia | ||
| 650 | |a Funcionaris i empleats locals |x Espanya |9 43351 | ||
| 650 | 0 | |a Personal |x Administració |x Espanya |9 49652 | |
| 650 | 0 | |a Funció pública |z Espanya |9 11103 | |
| 650 | 0 | |a Municipis |x Govern i administració |9 22275 | |
| 650 | |a Ocupació |x Anàlisi |9 45334 | ||
| 901 | |a Arxiu | ||
| 942 | |n 1 | ||
| 952 | |0 1 |1 0 |2 udc |4 0 |5 2 |6 D465 |7 1 |9 51356 |a Arxiu |b Arxiu |d 2016-12-01 |l 0 |o D-4-65 |p 22434 |r 2016-12-01 00:00:00 |w 2016-12-01 |y ARXIU | ||
| 999 | |c 55200 |d 55200 | ||